000 01327nam a2200325Ia 4500
001 ebr10085271
003 CaPaEBR
006 m u
007 cr cn|||||||||
008 001213s2001 enka sb 001 0 eng d
010 _z 00069300
020 _z0195129237
020 _z0195129229 (cloth : alk. paper)
040 _aCaPaEBR
_cCaPaEBR
035 _a(OCoLC)560019384
050 1 4 _aMT1
_b.C94 2001eb
082 0 4 _a649/.51
_221
100 1 _aCutietta, Robert A.
245 1 0 _aRaising musical kids
_h[electronic resource] :
_ba guide for parents /
_cRobert A. Cutietta ; illustrated by Harvey Mercadoocasio.
260 _aOxford ;
_aNew York :
_bOxford University Press,
_c2001.
300 _axii, 242 p. :
_bill.
504 _aIncludes bibliographical references (p. 241-242) and index.
533 _aElectronic reproduction.
_bPalo Alto, Calif. :
_cebrary,
_d2009.
_nAvailable via World Wide Web.
_nAccess may be limited to ebrary affiliated libraries.
650 0 _aMusic
_xInstruction and study
_xParent participation.
650 0 _aMusical ability in children.
655 7 _aElectronic books.
_2local
700 1 _aMercadoocasio, Harvey.
710 2 _aebrary, Inc.
856 4 0 _uhttp://site.ebrary.com/lib/rucke/Doc?id=10085271
_zAn electronic book accessible through the World Wide Web; click to view
999 _c67155
_d67155